010720000a22002410004500003000900000005001700009008004100026040002800067041000800095100004000103245018900143246007800332260005900410300002900469502010000498530002200598653002000620653002100640700004200661700004700703700004700750856003300797EG-GICUC20250223032156.0070313s2003 ua d f m 000 0 eng d aEG-GICUCbengcEG-GICUC0 aEng0 aHussein Hatem Mohamed Ahmed Shetiah10aDetection of dangerous gases by modern complexes / cHussein Hatem Mohamed Ahmed Shetiah ; Supervised Sayed Abd El meguid Sherief , Ahmed Nasr Eldin Mahdy , Hussein Abd El hay Ibraheim15aالكشف عن الغازات الخطرة بمتراكبات حديثة aCairo : bHussein Hatem Mohamed Ahmed Shetiah , c2003 a113P : bcharts ; c30cm aThesis (M.Sc.) - Cairo University - Faculty Of Engineering - Department Of Chemical Engineering aIssued also as CD 4adangerous gases 4amodern complexes0 aAhmed Nasr Eldin Mahdy , eSupervisor0 aHussein Abd El hay Ibraheim , eSupervisor0 aSayed Abd El meguid Sherief , eSupervisor uhttp://172.23.153.220/th.pdf